Relación entre nivel socioeconómico de la familia y su incidencia en el rendimiento educativo en el área de educación física de los estudiantes de 3er grado del primer ciclo del nivel secundario, Liceos de la zona norte, Municipio de Juan de Herrera, año escolar 2017-2018 / (Record no. 12606)

MARC details
000 -LEADER
campo de control de longitud fija 01174nam a2200229 4500
003 - IDENTIFICADOR DE NÚMERO DE CONTROL
campo de control DO-SdUA
005 - FECHA Y HORA DE LA ÚLTIMA TRANSACCIÓN
campo de control 20250325144633.0
008 - DATOS DE LONGITUD FIJA--INFORMACIÓN GENERAL
campo de control de longitud fija s2020 dr a|| |||| 0 |a||0|spa d
040 ## - FUENTE DE CATALOGACIÓN
Centro catalogador/agencia de origen DO-SdUA
Lengua de catalogación spa
Centro/agencia transcriptor DO-SdUA
041 0# - CÓDIGO DE IDIOMA
Código de lengua del texto/banda sonora o título independiente spa
092 ## - ASIGNACIÓN LOCAL DE SIGNATURA TOPOGRÁFICA DEWEY (OCLC)
Número de clasificación MA-EFD 0022 FCE 2020
100 1# - ENTRADA PRINCIPAL--NOMBRE DE PERSONA
Nombre de persona Abreu Castillo, Carlos
245 10 - MENCIÓN DEL TÍTULO
Título Relación entre nivel socioeconómico de la familia y su incidencia en el rendimiento educativo en el área de educación física de los estudiantes de 3er grado del primer ciclo del nivel secundario, Liceos de la zona norte, Municipio de Juan de Herrera, año escolar 2017-2018 /
Mención de responsabilidad, etc. Carlos Abreu Castillo.
260 ## - PUBLICACIÓN, DISTRIBUCIÓN, ETC.
Lugar de publicación, distribución, etc. San Juan de la Maguana :
Nombre del editor, distribuidor, etc. UASD,
Fecha de publicación, distribución, etc. 2020.
300 ## - DESCRIPCIÓN FÍSICA
Extensión 102 h. :
Otras características físicas il.
502 ## - NOTA DE TESIS
Nota de tesis Tesis y trabajo de grado (Maestría en Educación Física y Deporte)--Universidad Autónoma de Santo Domingo, San Juan de la Maguana, 2020..
504 ## - NOTA DE BIBLIOGRAFÍA, ETC.
Nota de bibliografía, etc. Nota Incluye referencias bibliográficas y anexos.
650 #7 - PUNTO DE ACCESO ADICIONAL DE MATERIA--TÉRMINO DE MATERIA
Fuente del encabezamiento o término lemb
9 (RLIN) 3018
Término de materia o nombre geográfico como elemento de entrada Asociaciones de padres y maestros
Subdivisión general Aspectos socioeconómicos
650 #7 - PUNTO DE ACCESO ADICIONAL DE MATERIA--TÉRMINO DE MATERIA
Fuente del encabezamiento o término lemb
9 (RLIN) 26220
Término de materia o nombre geográfico como elemento de entrada Rendimiento académico
830 ## - PUNTO DE ACCESO ADICIONAL DE SERIE-TÍTULO UNIFORME
Título uniforme Tesis y disertaciones académicas (Universidad Autónoma de Santo Domingo)
942 ## - ELEMENTOS DE ENTRADA SECUNDARIOS (KOHA)
Fuente de la clasificación o esquema de estantería
Tipo de ítem Koha
Suprimir en OPAC No
Holdings
Estatus retirado Estado de pérdida Fuente de la clasificación o esquema de estantería Estado de daño No para préstamo Biblioteca de origen Biblioteca actual Fecha de adquisición Total de préstamos Visto por última vez Precio de reemplazo Tipo de ítem Koha
    Clasificación Decimal Dewey     Repositorio INERED Repositorio INERED 25/03/2025   25/03/2025 25/03/2025 Tesis digital

© 2024. Todos los Derechos Reservados. Desarrollado por IDEICE